Country by City "F" - Statistics

General Stats
  • This quiz has been taken 75 times
  • The average score is 10 of 15
Answer Stats
City Country % Correct
Florence Italy
100%
Frankfurt Germany
98%
Fuji Japan
98%
Fengcheng China
93%
Fes Morocco
88%
Flint United States
88%
Faisalabad Pakistan
86%
Fortaleza Brazil
85%
Faridabad India
75%
Freetown Sierra Leone
71%
Fayyum Egypt
46%
Formosa Argentina
44%
Floridablanca Colombia
42%
Focsani Romania
22%
Fergana Uzbekistan
10%
No matching quizzes found
Score Distribution
Percent of People with Each Score
Percentile by Number Answered
Your Score History
You have not taken this quiz